<?xml version="1.0" encoding="UTF-8"?>
<marc:record xmlns:marc="http://www.loc.gov/MARC21/slim">
   <marc:leader>00000nam a2200000 a 4500</marc:leader>
   <marc:datafield ind1="1" ind2=" " tag="100">
      <marc:subfield code="a">Eckhart, Lisa</marc:subfield>
      <marc:subfield code="4">aut</marc:subfield>
      <marc:subfield code="e">Verfasser/-in</marc:subfield>
   </marc:datafield>
   <marc:datafield ind1="0" ind2="0" tag="245">
      <marc:subfield code="a">Omama</marc:subfield>
   </marc:datafield>
   <marc:datafield ind1="0" ind2="0" tag="245">
      <marc:subfield code="c">Eckhart, Lisa</marc:subfield>
   </marc:datafield>
   <marc:datafield ind1=" " ind2="1" tag="264">
      <marc:subfield code="a">Köln</marc:subfield>
      <marc:subfield code="b">Lübbe Audio</marc:subfield>
      <marc:subfield code="c">2020</marc:subfield>
   </marc:datafield>
   <marc:datafield ind1="1" ind2=" " tag="520">
      <marc:subfield code="a">"Helga, schnell, die Russen kommen!" 1945 ist Oma Helga in der Pubertät und kämpft mit ihrer schönen Schwester Inge um die Gunst der Besatzer. 1955 schickt man Helga dann aufs Land. Den Dorfwirt soll sie heiraten. Sowohl Helga als auch die Wirtin haben damit wenig Freude. 1989 organisiert die geschäftstüchtige Oma Busreisen nach Ungarn, um Tonnen von Fleisch über die Grenze schmuggeln. Bevor sie - inzwischen schon über achtzig - in See sticht und mit der Enkelin im handgreiflichen Wettbewerb um den Kreuzfahrtkapitän buhlt.</marc:subfield>
   </marc:datafield>
   <marc:datafield ind1=" " ind2=" " tag="020">
      <marc:subfield code="a">9783785782484</marc:subfield>
      <marc:subfield code="9">9783785782484</marc:subfield>
   </marc:datafield>
   <marc:datafield ind1=" " ind2=" " tag="020">
      <marc:subfield code="a">3785782489</marc:subfield>
      <marc:subfield code="9">3785782489</marc:subfield>
   </marc:datafield>
   <marc:datafield ind1=" " ind2=" " tag="041">
      <marc:subfield code="a">ger</marc:subfield>
   </marc:datafield>
   <marc:datafield ind1=" " ind2=" " tag="300">
      <marc:subfield code="a">2 CDs</marc:subfield>
   </marc:datafield>
</marc:record>
